Ganster americano (Registro nro. 239972)

Detalles MARC
000 -ENCABEZADO
Número de control [NR] 02113 a2200349 4500
005 - FECHA Y HORA DE LA ÚLTIMA TRANSACCIÓN
control field 20140904115430.0
008 - DE LONGITUD FIJA DE DATOS DE ELEMENTOS - INFORMACIÓN GENERAL
Elementos de longitud fija [NR] 140301s2007 ag g 0 m mul d
040 ## - FUENTE DE CATALOGACION [NR]
Agencia de catalogación original [NR] CO-BoUCM
Idioma de catalogación [NR] spa
Quien Cataloga Jose A. Gerena (modificó)
Quien Clasifica [Nuevo]
041 ## - CODIGO DE IDIOMA [R]
Código de idioma para texto/pista de sonido o título separado [R] Inglés
041 ## - CODIGO DE IDIOMA [R]
Código de idioma para texto/pista de sonido o título separado [R] Español
092 ## - SIGNATURA TOPOGRAFICA LOCAL
Número de clasificación local DVD 1322
245 00 - MENCION DE TITULO [NR]
Título [NR] Ganster americano
Mención de responsabilidad, etc. [NR] Ridley Scott, director
Medio físico [NR] [DVD]
246 13 - FORMA VARIANTE DEL TITULO [R]
Título propiamente dicho/forma breve del título [NR] American Gangster
260 ## - PUBLICACION, DISTRIBUCION, ETC. (PIE DE IMPRENTA) [R]
Lugar de publicación, distribución, etc. [R] Buenos Aires (Argentina)
Nombre del editor, distribuidor, etc. [R] Universal Pictures
Fecha de publicación, distribución, etc. [R] 2007
300 ## - DESCRIPCION FISICA [R]
Extensión [R] 1 DVD, 157 minutos
Otros detalles físicos [NR] imagen, sonido, color
500 ## - NOTA GENERAL [R]
Nota general [NR] SINOPSIS: Provisto de despiadadas y astutas tácticas y con un riguroso sentido del honor, el jefe criminal Frank Lucas controla el caótico submundo de la droga en Harlem. Cuando el ex policía Richie Roberts se propone destruir el imperio multimillonario de Lucas, ambos se ven sumidos en un enfrentamiento legendario
508 ## - NOTA DE CREDITOS DE CREACION/PRODUCCION [R]
Nota de créditos de creación/producción [NR] CRÉDITOS: Dirigida por Ridley Scott ; escrita por Steven Zaillian ; música por Marc Streitenfeld ; fotografía por Harris Savides ; diseño de producción por Arthur Max ; dirección de arte por Nicholas Lundy ; ambientación por Leslie E. Rollins ; vestuario por Janty Yates
511 0# - NOTA DE PARTICIPANTE O INTERPRETE [R]
Nota de participante o intérprete [NR] REPARTO: Denzel Washington, Russell Crowe, Chiwetel Ejiofor, Josh Brolin, Lymari Nadal, Ted Levine, Roger Guenveur Smith, John Hawkes, RZA, Yul Vazquez
520 ## - NOTA DE RESUMEN, ETC. [R]
Nota de sumario, etc. [NR] Basada en una historia real del artículo "The Return of Superfly" de Mark Jacobson
546 ## - NOTA DE IDIOMA [R]
Nota de idioma [NR] Audio en inglés y español. Subtítulos en inglés y español
650 #7 - ASIENTO SECUNDARIO DE MATERIA - TERMINO TEMATICO [R]
Término temático o nombre geográfico como elemento de entrada [NR] Crimen organizado
Subdivisión de forma [R] DVD
9 (RLIN) 57724
650 #7 - ASIENTO SECUNDARIO DE MATERIA - TERMINO TEMATICO [R]
9 (RLIN) 51326
Término temático o nombre geográfico como elemento de entrada [NR] Películas cinematográficas
Subdivisión geográfica [R] Estados Unidos
Subdivisión de forma [R] DVD
650 #7 - ASIENTO SECUNDARIO DE MATERIA - TERMINO TEMATICO [R]
9 (RLIN) 51342
Término temático o nombre geográfico como elemento de entrada [NR] Películas de acción
Subdivisión de forma [R] DVD
690 ## - ASUNTO AGREGADO LOCAL DE ENTRADA - TÉRMINO TEMÁTICO (OCLC, RLIN)
9 (RLIN) 42805
Acceso temático local Entretenimiento
700 1# - ASIENTO SECUNDARIO - NOMBRE PERSONAL [R]
Nombre personal [NR] Scott, Ridley
Término de relación [R] director
9 (RLIN) 57626
710 2# - ASIENTO SECUNDARIO - NOMBRE CORPORATIVO [R]
Nombre corporativo o de jurisdicción como elemento de entrada [NR] Universal Pictures
9 (RLIN) 50661
710 2# - ASIENTO SECUNDARIO - NOMBRE CORPORATIVO [R]
Nombre corporativo o de jurisdicción como elemento de entrada [NR] Imagine Entertainment
9 (RLIN) 55941
710 2# - ASIENTO SECUNDARIO - NOMBRE CORPORATIVO [R]
Nombre corporativo o de jurisdicción como elemento de entrada [NR] Relativity Media
9 (RLIN) 50662
765 0# - ASIENTO DE IDIOMA ORIGINAL [R]
Título [NR] American Gangster
856 40 - LOCALIZACION Y ACCESO ELECTRONICOS [R]
Identificador Uniforme del Recurso (“URI”) [R] <a href="https://www.youtube.com/watch?v=ZQgP0kMJAQ4">https://www.youtube.com/watch?v=ZQgP0kMJAQ4</a>
Nota dirigida al público [R] Siga este enlace para ver el trailer
-- Trailer tomado del canal TrailersPlaygroundHD vía YouTube.com
942 ## - ELEMENTOS DE ENTRADA AGREGADOS (KOHA)
Source of classification or shelving scheme LOCAL
Tema principal Entretenimiento
Koha item type Multimedia
Edition 1
Classification part DVD 1322
Existencias
Suprimido Perdido Sistema de clasificación Dañado No prestable Tipo de ítem específico Ubicación habitual Ubicación actual Localización Fecha de creación Proveedor Forma de adquisición Costo Signatura topográfica Código de barras Última vez visto Ejemplar Costo de reposición Price effective from Tipo de ítem Total préstamos Total Renewals Fecha de último préstamo
    LOCAL     DVD Claustro Claustro Colección digital 01/03/2014   Donación 26000.00 DVD 1322 100141064 10/12/2024 Ej.2   01/03/2014 Multimedia 4 2 28/01/2016
    LOCAL   Préstamo restringido DVD Procesos Técnicos (no para préstamo) Procesos Técnicos (no para préstamo) Procesos Técnicos 18/02/2014 12 Donación 26000.00 DVD 1322 100141060 09/12/2025 Ej.1 26000.00 18/02/2014 Multimedia